Artists of handcrafted furniture at work (Record no. 12748)
[ view plain ]
| 000 -LEADER | |
|---|---|
| fixed length control field | 00496 a2200157 4500 |
| 245 ## - TITLE STATEMENT | |
| Title | Artists of handcrafted furniture at work |
| Medium | |
| 020 ## - INTERNATIONAL STANDARD BOOK NUMBER | |
| International Standard Book Number | 0688068758 : |
| 250 ## - EDITION STATEMENT | |
| Edition statement | 1st ed. |
| 650 ## - SUBJECT ADDED ENTRY--TOPICAL TERM | |
| Topical term or geographic name entry element | ART |
| 260 ## - PUBLICATION, DISTRIBUTION, ETC. | |
| Place of publication, distribution, etc. | nyu |
| Name of publisher, distributor, etc. | Lothrop, Lee & Shepard Books |
| Date of publication, distribution, etc. | c1988 |
| 084 ## - | |
| -- | TT194 .R67 1988 |
| 300 ## - PHYSICAL DESCRIPTION | |
| Extent | 61 p. : col. ill. |
| Other physical details | 29 cm. |
| Dimensions | 61 p. : col. ill. ; 29 cm. |
| 500 ## - GENERAL NOTE | |
| General note | Maxine B. Rosenberg ; with photographs by George Ancona. |
No items available.